Queretaro (Record no. 3564)

MARC details
000 -CABECERA
campo de control de longitud fija 00659nam a2200205 a 4500
001 - NÚMERO DE CONTROL
campo de control BRCA_3836
005 - FECHA Y HORA DE LA ÚLTIMA TRANSACCIÓN
campo de control 20190320204436.0
008 - DATOS DE LONGITUD FIJA--INFORMACIÓN GENERAL
campo de control de longitud fija 111209s1869----fr-#######---#000-0#fre-#
050 #4 - SIGNATURA TOPOGRÁFICA DE LA BIBLIOTECA DEL CONGRESO
Número de clasificación F1233.M3
Número de documento/Ítem .H36 1869
100 1# - ENTRADA PRINCIPAL--NOMBRE DE PERSONA
Nombre de persona Hans, Albert
9 (RLIN) 9988
245 10 - MENCIÓN DE TÍTULO
Título Queretaro
Resto del título souvenirs d´un officier de l´ empereur Maximilien
Mención de responsabilidad, etc. Albert Hans.
260 ## - PUBLICACIÓN, DISTRIBUCIÓN, ETC.
Lugar de publicación, distribución, etc. París
Nombre del editor, distribuidor, etc. E. Dentu
Fecha de publicación, distribución, etc. 1869
300 ## - DESCRIPCIÓN FÍSICA
Extensión 354 p.
Otras características físicas il., 1 mapa
Dimensiones 20 cm.
500 ## - NOTA GENERAL
Nota general B180
600 14 - PUNTO DE ACCESO ADICIONAL DE MATERIA--NOMBRE DE PERSONA
Nombre de persona Maximiliano
Títulos y otros términos asociados al nombre Emperador de México
Fechas asociadas al nombre 1832-1867
9 (RLIN) 4582
651 #4 - PUNTO DE ACCESO ADICIONAL DE MATERIA--NOMBRE GEOGRÁFICO
Nombre geográfico Querétaro, Sitio de
Subdivisión cronológica 1867
9 (RLIN) 9989
651 #4 - PUNTO DE ACCESO ADICIONAL DE MATERIA--NOMBRE GEOGRÁFICO
Nombre geográfico México
Subdivisión de forma Historia
Subdivisión cronológica Intervención francesa, 1861-1867
9 (RLIN) 9990
902 ## - CATALOGADOR
Iniciales GFM
942 ## - ELEMENTOS DE PUNTO DE ACCESO ADICIONAL (KOHA)
Fuente del sistema de clasificación o colocación Library of Congress Classification
Tipo de ítem Koha Libros
Holdings
Estado de retiro Estado de pérdida Estado dañado No para préstamo Localización permanente Ubicación/localización actual Fecha de adquisición Número de inventario Total de préstamos Signatura topográfica completa Código de barras Fecha visto por última vez Precio válido a partir de Tipo de ítem Koha
El ejemplar forma parte de la colección y puede ser consultado según las políticas vigentes.       Biblioteca del Museo Franz Mayer (Rogerio Casas-Alatriste) Biblioteca del Museo Franz Mayer (Rogerio Casas-Alatriste) 11/12/2009 B180   F1233.M3 .H36 1869 (B180) 3833 22/03/2019 22/03/2019 Libros